Score 0/9 Timer 01:30
3 Plays Today
Hint 7-Letter Word % Correct
A Bush wifeBARBARA
96.8%
They can give undercuts and trimsBARBERS
94.8%
Hanna's cartoon-producing partnerBARBERA
92.6%
Seniors' mobility aidsWALKERS
86.9%
People who just won't shut upTALKERS
86.6%
J.P. Morgan, David Rockefeller, Ben BernankeBANKERS
86.4%
Carnival pitchmenBARKERS
84%
The TI Europe and the Exxon Valdez, e.g.TANKERS
82.9%
Mondale, Raleigh and Koenig, e.g.WALTERS
78%

Today's Daily Dose

Remove Ads.
Support Sporcle.
Get the best of Sporcle when you Go Orange. This ad-free experience offers more features, more stats, and more fun while also helping to support Sporcle. Thank you for becoming a member.

You're not logged in!

Compare scores with friends on all Sporcle quizzes.
OR
Log In

Show Comments

Extras

Top Quizzes Today


Score Distribution

Your Account Isn't Verified!

In order to create a playlist on Sporcle, you need to verify the email address you used during registration. Go to your Sporcle Settings to finish the process.

Report this User

Report this user for behavior that violates our Community Guidelines.

Details: